Полиномиальные достаточные условия реализуемости гиперграфа на плоскости; Известия Томского политехнического университета [Известия ТПУ]; Т. 314, № 2: Математика и механика. Физика
| Parent link: | Известия Томского политехнического университета [Известия ТПУ]/ Томский политехнический университет (ТПУ).— , 2000- Т. 314, № 2: Математика и механика. Физика.— 2009.— [С. 15-20] |
|---|---|
| Autore principale: | |
| Riassunto: | Заглавие с титульного листа Электронная версия печатной публикации Доказана теорема, определяющая достаточные условия существования планарной реализации гиперграфа. Предложена эффективная процедура построения такой реализации. Показано, что в классе планарных гиперграфов реализуемость на плоскости -симметричное и монотонное свойство. |
| Lingua: | russo |
| Pubblicazione: |
2009
|
| Serie: | Математика и механика. Физика |
| Soggetti: | |
| Accesso online: | http://www.lib.tpu.ru/fulltext/v/Bulletin_TPU/2009/v314/i2/04.pdf |
| Natura: | MixedMaterials Elettronico Capitolo di libro |
| KOHA link: | https://koha.lib.tpu.ru/cgi-bin/koha/opac-detail.pl?biblionumber=174280 |
MARC
| LEADER | 00000nla2a2200000 4500 | ||
|---|---|---|---|
| 001 | 174280 | ||
| 005 | 20231031164633.0 | ||
| 035 | |a (RuTPU)RU\TPU\book\188994 | ||
| 035 | |a RU\TPU\book\188991 | ||
| 090 | |a 174280 | ||
| 100 | |a 20100126d2009 k y0rusy50 ca | ||
| 101 | 0 | |a rus | |
| 102 | |a RU | ||
| 135 | |a drnn ---uucaa | ||
| 181 | 0 | |a i | |
| 182 | 0 | |a b | |
| 200 | 1 | |a Полиномиальные достаточные условия реализуемости гиперграфа на плоскости |b Электронный ресурс |f В. В. Быкова | |
| 203 | |a Текст |c электронный | ||
| 215 | |a 1 файл (265 Кб) | ||
| 225 | 1 | |a Математика и механика. Физика | |
| 230 | |a Электронные текстовые данные (1 файл : 265 Кб) | ||
| 300 | |a Заглавие с титульного листа | ||
| 300 | |a Электронная версия печатной публикации | ||
| 320 | |a [Библиогр.: с. 20 (7 назв.)] | ||
| 330 | |a Доказана теорема, определяющая достаточные условия существования планарной реализации гиперграфа. Предложена эффективная процедура построения такой реализации. Показано, что в классе планарных гиперграфов реализуемость на плоскости -симметричное и монотонное свойство. | ||
| 337 | |a Adobe Reader | ||
| 461 | 1 | |0 (RuTPU)RU\TPU\book\176237 |t Известия Томского политехнического университета [Известия ТПУ] |f Томский политехнический университет (ТПУ) |d 2000- | |
| 463 | 1 | |0 (RuTPU)RU\TPU\book\188988 |x 1684-8519 |t Т. 314, № 2: Математика и механика. Физика |v [С. 15-20] |d 2009 |p 187 с. | |
| 610 | 1 | |a реализации гиперграфов | |
| 610 | 1 | |a планарность | |
| 610 | 1 | |a полиномиальная вычислимость | |
| 610 | 1 | |a электронный ресурс | |
| 700 | 1 | |a Быкова |b В. В. | |
| 801 | 1 | |a RU |b 63413507 |c 20090623 |g PSBO | |
| 801 | 2 | |a RU |b 63413507 |c 20211210 |g PSBO | |
| 856 | 4 | |u http://www.lib.tpu.ru/fulltext/v/Bulletin_TPU/2009/v314/i2/04.pdf | |
| 942 | |c CF | ||